000 00536nam a2200193Ia 4500
003 OSt
005 20201230115715.0
008 190216s9999||||xx |||||||||||||| ||und||
020 _a9788121914697
040 _coclc
082 _a530.15
_bDAS/M
100 _aDass, H K
_94324
245 0 _aMathematical Physics /
_c H K Dass ; Rama Verma
250 _a2nd Ed.
260 _bS Chand And Company,
_c2001.
_aNew Delhi:
300 _a1087p
650 _aPhysics
942 _cBK
_2ddc
_h530.15
_iDAS/M
_k530.15
_mDAS/M
999 _c33558
_d33558